| 000 | 00655nam a2200217Ia 4500 | ||
|---|---|---|---|
| 001 | 15042 | ||
| 003 | AR-BaAGN | ||
| 005 | 20231117120908.0 | ||
| 007 | ta | ||
| 008 | 211213nuuuuuuuuxx |||||||||||||| ||por d | ||
| 040 |
_dAR-BaAGN _aAR-BaAGN _bspa _eaacr |
||
| 100 | _aRaccióppi, Vicente | ||
| 245 | 1 | 0 | _aEstudantes do Rio Grande do Sul em Ouro Preto |
| 260 |
_a[Lugar de publicación no identificado] : _bInstituto Histórico de Ouro Preto, _c[fecha de publicación no identificada] |
||
| 300 |
_a121 páginas : _bilustraciones |
||
| 336 |
_2rdacontent _btxt |
||
| 337 |
_2rdamedia _bn |
||
| 338 |
_2rdacarrier _bnc |
||
| 942 | _cLIBRO | ||
| 999 |
_c15042 _d15042 |
||